000
00282nam a2200121Ia 4500
008
240624s9999 xx 000 0 und d
041
_a
eng
082
_a
657 SOF
100
_a
SOFAT RAJNI
245
_a
BASIC ACCOUNTING
260
_c
2009
_a
New Delhi
_b
PHI Learning
365
_c
RS
_b
27
999
_c
15991
_d
15991